000 00812nas a2200265 4500
001 BR0906076
003 BR-BrBNA
005 20231205113504.0
007 ta
008 230509b bl.|||p| |||| 00| 00por d
040 _aBR-BrBNA
_bpor
_cBiblioteca Nacional de Agricultura
041 _a(Pt)
072 _aH60
100 1 _aRocha, D.C.
100 1 _aRodella, R.A.
100 1 _aMarino, C.L.
100 1 _aMartins, D.
245 1 _aGenetic variability among Commelina weed species from the states of Paraná and São Paulo, Brazil
650 _aERVA DANINHA
650 _aVARIAÇÃO GENÉTICA
650 _aMARCADOR MOLECULAR
773 0 _tPlanta Daninha (Brazil)
_xISSN 0100-8358
_g(Jul-Sep 2009), v. 27(3) p. 421-427
_wBR0906076
909 _a202311
_bLúcia
_c55
_dLúcia Elande
942 _2AGRIS
_n0
_cANA
999 _c204048
_d204048